[Event "CZE-chT1E 1112"]
[Site "Czech Republic"]
[Date "2012.02.26"]
[Round "9"]
[White "Fiala, Vaclav"]
[Black "Bina, Josef"]
[Result "0-1"]
[WhiteElo "2163"]
[BlackElo "2155"]
[PlyCount "84"]
[EventDate "2011.10.02"]
[EventType "team-tourn"]
[EventRounds "11"]
[EventCountry "CZE"]
[SourceTitle "EXT 2013"]
[Source "ChessBase"]
[SourceDate "2012.11.22"]
[SourceVersion "1"]
[SourceVersionDate "2012.11.22"]
[SourceQuality "1"]
[WhiteTeam "Zlin II"]
[BlackTeam "Jihlava Gordic"]
[WhiteTeamCountry "CZE"]
[BlackTeamCountry "CZE"]

1. e4 d5 2. exd5 Qxd5 3. d4 Nf6 4. Nc3 Qa5 5. Bc4 c6 6. Nf3 Bg4 7. h3 Bh5 8. 0-0 e6 9. Re1 Be7 10. g4 Bg6 11. Qe2 Nd5 12. Ne5 Nxc3 13. bxc3 Qxc3 14. Bxe6 0-0 15. Nxg6 hxg6 16. Bb3 Qxa1 17. Qxe7 Qxd4 18. Qxb7 Nd7 19. Qxc6 Ne5 20. Qe4 Qxe4 21. Rxe4 Rfe8 22. Kg2 Nc6 23. Rf4 Nd8 24. Be3 Ne6 25. Ra4 Re7 26. Bd5 Rc8 27. c4 Nc5 28. Ra5 Rec7 29. Bxc5 Rxc5 30. Rxa7 R5c7 31. Ra6 Kf8 32. Kf3 Rb8 33. Ke4 Rb2 34. f3 Ke7 35. Ra8 Kf6 36. h4 Rh2 37. Rh8 Rxa2 38. g5+ Ke7 39. Rg8 Rh2 40. Rxg7 Rxh4+ 41. Ke5 Kf8 42. Kd6 Ra7 0-1

[Event "CZE-chT1E 1112"]
[Site "Czech Republic"]
[Date "2011.11.13"]
[Round "3"]
[White "Bina, Josef"]
[Black "Hrabal, Michal"]
[Result "1/2-1/2"]
[WhiteElo "2155"]
[BlackElo "2046"]
[PlyCount "69"]
[EventDate "2011.10.02"]
[EventType "team-tourn"]
[EventRounds "11"]
[EventCountry "CZE"]
[SourceTitle "EXT 2012"]
[Source "ChessBase"]
[SourceDate "2011.11.24"]
[SourceVersion "1"]
[SourceVersionDate "2011.11.24"]
[SourceQuality "1"]
[WhiteTeam "Jihlava Gordic"]
[BlackTeam "Grygov II"]
[WhiteTeamCountry "CZE"]
[BlackTeamCountry "CZE"]

1. e4 e5 2. Nf3 Nc6 3. Bb5 f5 4. d3 fxe4 5. dxe4 d6 6. Nc3 Nf6 7. Bg5 Be7 8. h3 0-0 9. Qe2 Bd7 10. 0-0-0 a6 11. Bc4+ Kh8 12. Be3 b5 13. Bd5 Nxd5 14. Nxd5 Bf6 15. g4 g6 16. Rdg1 Be6 17. g5 Bg7 18. h4 Nd4 19. Nxd4 exd4 20. Nf4 Bc4 21. Qg4 dxe3 22. fxe3 Qe8 23. h5 Qe5 24. c3 b4 25. hxg6 bxc3 26. b3 c2 27. Rxh7+ Kg8 28. Rxg7+ Qxg7 29. bxc4 Rxf4 30. exf4 Qa1+ 31. Kxc2 Qxa2+ 32. Kc3 Qa3+ 33. Kc2 Qa2+ 34. Kc3 Qa3+ 35. Kc2 1/2-1/2

[Event "CZE-chT1E 1112"]
[Site "Czech Republic"]
[Date "2011.10.23"]
[Round "2.7"]
[White "Bina, Josef"]
[Black "Krejci, Jan1111"]
[Result "0-1"]
[WhiteElo "2155"]
[BlackElo "2195"]
[PlyCount "140"]
[EventDate "2011.10.02"]
[EventType "team-tourn"]
[EventRounds "11"]
[EventCountry "CZE"]
[SourceTitle "EXT 2012"]
[Source "ChessBase"]
[SourceDate "2011.11.24"]
[SourceVersion "1"]
[SourceVersionDate "2011.11.24"]
[SourceQuality "1"]
[WhiteTeam "Jihlava Gordic"]
[BlackTeam "Litovel II"]
[WhiteTeamCountry "CZE"]
[BlackTeamCountry "CZE"]

1. e4 e5 2. Nf3 Nf6 3. Nxe5 d6 4. Nf3 Nxe4 5. Nc3 Nxc3 6. dxc3 Be7 7. Be3 Nc6 8. Qd2 Be6 9. 0-0-0 Qd7 10. Nd4 Nxd4 11. cxd4 Qa4 12. a3 d5 13. Bg5 Bd6 14. Bf4 Bxf4 15. Qxf4 c5 16. Qc7 c4 17. Qxb7 0-0 18. Qb4 Qxb4 19. axb4 Rfb8 20. Be2 Rxb4 21. g4 Rab8 22. Kd2 Rxb2 23. Ra1 R8b7 24. Ra5 Rc7 25. Rha1 Rbb7 26. f4 g6 27. Bf3 Rd7 28. Rc5 Rbc7 29. Rb5 Kf8 30. Raa5 Rd6 31. Kc3 Re7 32. h4 Kg7 33. Bxd5 Bxg4 34. Bxc4 Rf6 35. Rb1 Rxf4 36. Bd3 Rc7+ 37. Rc5 Rd7 38. d5 Bf5 39. Bb5 Rd6 40. Ra1 Rxh4 41. Rxa7 Rf4 42. Be8 Bh3 43. Rcc7 Rdf6 44. d6 Rxd6 45. Bxf7 Kf6 46. Be8 h5 47. Rg7 Bf5 48. Rgf7+ Kg5 49. Ra1 h4 50. Rg1+ Rg4 51. Rh1 Rg3+ 52. Kb2 h3 53. Rh7 Rg2 54. Ba4 Rdd2 55. R7xh3 Bxh3 56. Rxh3 Kf4 57. Rc3 g5 58. Bc6 Rgf2 59. Rc4+ Ke5 60. Bb7 Rd6 61. Kc3 Rf4 62. Rc8 Rg6 63. Re8+ Kd6 64. Re2 g4 65. Kd3 g3 66. Rg2 Ke5 67. Re2+ Kf6 68. Rg2 Rg7 69. Bd5 Rh4 70. Ke3 Ke5 0-1

[Event "CZE-chT1E 0809"]
[Site "Czech Republic"]
[Date "2009.03.29"]
[Round "11.8"]
[White "Olsarova, Karolina"]
[Black "Bina, Josef"]
[Result "1/2-1/2"]
[WhiteElo "2136"]
[BlackElo "2156"]
[PlyCount "76"]
[EventDate "2008.11.08"]
[EventType "team-tourn"]
[EventRounds "11"]
[EventCountry "CZE"]
[SourceTitle "EXT 2010"]
[Source "ChessBase"]
[SourceDate "2010.11.25"]
[SourceVersion "1"]
[SourceVersionDate "2010.11.25"]
[SourceQuality "1"]
[WhiteTeam "Orlova Slavia"]
[BlackTeam "Jihlava"]
[WhiteTeamCountry "CZE"]
[BlackTeamCountry "CZE"]

1. e4 d5 2. exd5 Qxd5 3. Nc3 Qa5 4. d4 Nf6 5. Nf3 Bg4 6. h3 Bh5 7. Bd2 c6 8. g4 Bg6 9. Ne5 Qb6 10. Nxg6 hxg6 11. Bf4 e6 12. Bg2 Nbd7 13. Qd2 0-0-0 14. 0-0 Nd5 15. Bg3 N7f6 16. Ne2 Bd6 17. c4 Qb4 18. Qc2 Ne7 19. a3 Qa5 20. Bxd6 Rxd6 21. Rfb1 Qc7 22. b4 Rhd8 23. Ra2 b5 24. Rc1 bxc4 25. Qxc4 Nfd5 26. Rac2 Kd7 27. Ng3 f5 28. gxf5 gxf5 29. b5 Rc8 30. Qa4 Qb6 31. bxc6+ Rdxc6 32. Rxc6 Rxc6 33. Rxc6 Nxc6 34. Ne2 Kd6 35. Qc4 Qa5 36. Qc1 Qb6 37. Qd2 Qb3 38. Qc1 Qb6 1/2-1/2

[Event "CZE-chT1E 0809"]
[Site "Czech Republic"]
[Date "2009.03.01"]
[Round "9.8"]
[White "Bina, Josef"]
[Black "Dobrovolsky, Ladislav"]
[Result "0-1"]
[WhiteElo "2156"]
[BlackElo "2373"]
[PlyCount "68"]
[EventDate "2008.11.08"]
[EventType "team-tourn"]
[EventRounds "11"]
[EventCountry "CZE"]
[SourceTitle "EXT 2010"]
[Source "ChessBase"]
[SourceDate "2010.11.25"]
[SourceVersion "1"]
[SourceVersionDate "2010.11.25"]
[SourceQuality "1"]
[WhiteTeam "Jihlava"]
[BlackTeam "Brno Lokomotiva"]
[WhiteTeamCountry "CZE"]
[BlackTeamCountry "CZE"]

1. e4 c5 2. Nf3 e6 3. d4 cxd4 4. Nxd4 a6 5. c4 Nf6 6. Nc3 d6 7. Be2 Be7 8. 0-0 0-0 9. Be3 Qc7 10. Rc1 b6 11. f4 Bb7 12. Bf3 Nbd7 13. b3 Rfe8 14. Nde2 Bf8 15. g4 Rec8 16. Ng3 b5 17. cxb5 Qa5 18. Bd2 Qb6+ 19. Kg2 axb5 20. a4 b4 21. Na2 d5 22. e5 Ne4 23. Kh3 Nf2+ 24. Rxf2 Qxf2 25. Rxc8 Rxc8 26. Nh1 Qd4 27. Bxb4 Qxf4 28. Bd2 Qxe5 29. Ng3 Qb2 30. Nc1 e5 31. Be2 e4 32. a5 d4 33. a6 Ba8 34. Bb5 e3 0-1

[Event "CZE-chT2D 0809"]
[Site "Czech Republic"]
[Date "2009.02.08"]
[Round "8.6"]
[White "Bina, Josef"]
[Black "Krejci, Dalibor"]
[Result "0-1"]
[WhiteElo "2156"]
[BlackElo "1850"]
[PlyCount "86"]
[EventDate "2008.10.12"]
[EventType "team-tourn"]
[EventRounds "11"]
[EventCountry "CZE"]
[SourceTitle "EXT 2010"]
[Source "ChessBase"]
[SourceDate "2010.11.25"]
[SourceVersion "1"]
[SourceVersionDate "2010.11.25"]
[SourceQuality "1"]

1. e4 c5 2. Nf3 e6 3. d4 cxd4 4. Nxd4 d6 5. Nc3 a6 6. Be2 Nf6 7. Be3 Bd7 8. 0-0 Be7 9. f4 0-0 10. Kh1 Nc6 11. Qe1 b5 12. a3 Rc8 13. Rd1 Qc7 14. Qg3 b4 15. axb4 Nxb4 16. Rd2 Kh8 17. Qf2 e5 18. Nb3 Bc6 19. Bf3 Nd7 20. Bg4 Rb8 21. Bxd7 Bxd7 22. fxe5 dxe5 23. Nd5 Nxd5 24. exd5 Bb5 25. Rfd1 Bd6 26. Nc5 Rbc8 27. Ne4 h6 28. Bxh6 f5 29. Nxd6 Qxd6 30. Bg5 Kg8 31. b3 Rc3 32. Re1 Qg6 33. Be7 Rfc8 34. Bb4 R3c7 35. Rxe5 f4 36. c4 Bxc4 37. bxc4 Qb1+ 38. Re1 Qxb4 39. Qxf4 Rxc4 40. Qe3 Re4 41. Qf2 Rf8 42. Qg1 Rxe1 43. Qxe1 Qxd2 0-1

[Event "CZE-chT1E 0607"]
[Site "Czech Republic"]
[Date "2007.03.18"]
[Round "10.8"]
[White "Bina, Josef"]
[Black "Krejci, Jan"]
[Result "1/2-1/2"]
[WhiteElo "2175"]
[BlackElo "2200"]
[PlyCount "160"]
[EventDate "2006.10.15"]
[EventType "team"]
[EventRounds "11"]
[EventCountry "CZE"]
[SourceTitle "EXT 2008"]
[Source "ChessBase"]
[SourceDate "2007.11.25"]
[SourceVersion "1"]
[SourceVersionDate "2007.11.25"]
[SourceQuality "1"]

1. e4 e5 2. Nf3 Nf6 3. Nxe5 d6 4. Nf3 Nxe4 5. d4 d5 6. Bf4 Bd6 7. Bxd6 Qxd6 8. c3 0-0 9. Be2 Bg4 10. 0-0 Nd7 11. Nfd2 Bxe2 12. Qxe2 f5 13. Nxe4 fxe4 14. f3 Rae8 15. fxe4 Rxe4 16. Rxf8+ Nxf8 17. Qf1 Qe6 18. Na3 Re2 19. Nb5 c6 20. Nxa7 Qe3+ 21. Kh1 Qd2 22. Nc8 Qxb2 23. Re1 Rf2 24. Ne7+ Kf7 25. Qd3 Qd2 26. Qxd2 Rxd2 27. Nc8 Rxa2 28. Kg1 Rc2 29. Re3 b5 30. Ne7 c5 31. dxc5 Ne6 32. Nxd5 Nxc5 33. Re7+ Kg6 34. Rc7 Ne4 35. h3 h5 36. h4 Rc1+ 37. Kh2 Nf6 38. Ne7+ Kf7 39. Nf5+ Ke6 40. Nd4+ Ke5 41. Nxb5 Kf4 42. Rf7 Rc2 43. Nd4 Ra2 44. Kh3 Ra3 45. Kh2 Ke4 46. Re7+ Kd5 47. Rxg7 Rxc3 48. Nf3 Ke6 49. Rg6 Ra3 50. Rg5 Ra4 51. Re5+ Kf7 52. Rb5 Kg7 53. Kh3 Ra3 54. Kg3 Ra4 55. Ne5 Ne4+ 56. Kf3 Nd6 57. Rd5 Nf5 58. g3 Kf6 59. Nd7+ Kg6 60. Nc5 Nxh4+ 61. gxh4 Rxh4 62. Ne4 Rh1 63. Rd6+ Kg7 64. Ng3 Ra1 65. Nxh5+ Kf7 66. Nf4 Ra3+ 67. Ke4 Ra4+ 68. Ke5 Ra5+ 69. Nd5 Ra1 70. Rf6+ Kg7 71. Rb6 Ra5 72. Rb1 Kg6 73. Rb2 Kf7 74. Ke4 Kg6 75. Nf4+ Kg5 76. Rg2+ Kf6 77. Nd5+ Ke6 78. Rg6+ Kf7 79. Rg5 Ra4+ 80. Ke5 Ra5 1/2-1/2

[Event "CZE-chT2d 0607"]
[Site "Czech Republic"]
[Date "2007.01.14"]
[Round "6.4"]
[White "Bina, Josef"]
[Black "Hajek, Jiri"]
[Result "1-0"]
[WhiteElo "2175"]
[BlackElo "2203"]
[PlyCount "65"]
[EventDate "2006.10.15"]
[EventType "team"]
[EventRounds "11"]
[EventCountry "CZE"]
[SourceTitle "EXT 2009"]
[Source "ChessBase"]
[SourceDate "2008.11.26"]
[SourceVersion "1"]
[SourceVersionDate "2008.11.26"]
[SourceQuality "1"]

1. e4 c6 2. d4 d5 3. exd5 cxd5 4. c3 Nf6 5. Bf4 Nc6 6. Nf3 Bg4 7. Nbd2 Bxf3 8. Nxf3 e6 9. Qb3 Qc8 10. Bd3 Be7 11. 0-0 0-0 12. Rae1 a6 13. Ne5 Nxe5 14. dxe5 Nd7 15. Qc2 g6 16. Bh6 Rd8 17. Qd2 Qc5 18. Qf4 Bf8 19. Bg5 Be7 20. Bf6 Nxf6 21. exf6 Bd6 22. Qh4 Bf8 23. Re5 Qd6 24. Rfe1 d4 25. c4 Rac8 26. Rh5 h6 27. Ree5 Rxc4 28. Bxc4 d3 29. Rxh6 Bxh6 30. Qxh6 Qf8 31. Qd2 b5 32. Bb3 Kh7 33. Re3 1-0

[Event "CZE-chT2d 0607"]
[Site "Czech Republic"]
[Date "2006.12.03"]
[Round "4"]
[White "Bina, Josef"]
[Black "Kastner, Oldrich"]
[Result "1-0"]
[WhiteElo "2175"]
[BlackElo "2187"]
[PlyCount "75"]
[EventDate "2006.10.15"]
[EventType "team"]
[EventRounds "11"]
[EventCountry "CZE"]
[SourceTitle "EXT 2009"]
[Source "ChessBase"]
[SourceDate "2008.11.26"]
[SourceVersion "1"]
[SourceVersionDate "2008.11.26"]
[SourceQuality "1"]

1. e4 Nf6 2. e5 Nd5 3. d4 d6 4. exd6 cxd6 5. Nf3 g6 6. c4 Nb6 7. b3 Bg7 8. Bb2 Nc6 9. Be2 d5 10. c5 Nd7 11. Nc3 0-0 12. 0-0 Nf6 13. Ne5 Ne8 14. f4 Nc7 15. a3 f6 16. Nf3 Bf5 17. b4 a6 18. Qb3 Kh8 19. Rad1 Qd7 20. a4 Qe6 21. Rfe1 Qe3+ 22. Kh1 Qxf4 23. Bc1 Qg4 24. b5 axb5 25. axb5 Na5 26. Qb4 e6 27. Ng5 fxg5 28. Bxg4 Bxg4 29. Rd3 Nc4 30. Be3 h6 31. Bg1 Ra3 32. Nxd5 Nxd5 33. Qxc4 Ra5 34. Rb3 Rc8 35. h3 Bf5 36. g4 Nb6 37. Qc3 Ra2 38. gxf5 1-0

[Event "CZE-chT1 East 0506"]
[Site "Czech Republic"]
[Date "2006.01.22"]
[Round "6.6"]
[White "Sikorova, Olga"]
[Black "Bina, Josef"]
[Result "1-0"]
[WhiteElo "2258"]
[BlackElo "2133"]
[PlyCount "85"]
[EventDate "2005.10.23"]
[EventType "team"]
[EventRounds "11"]
[EventCountry "CZE"]
[SourceTitle "EXT 2008"]
[Source "ChessBase"]
[SourceDate "2007.11.25"]
[SourceVersion "1"]
[SourceVersionDate "2007.11.25"]
[SourceQuality "1"]

1. e4 d5 2. exd5 Qxd5 3. Nc3 Qa5 4. d4 Nf6 5. Bc4 Nc6 6. d5 Ne5 7. Bb3 Bf5 8. Qe2 Ned7 9. Bd2 c6 10. h3 Qc7 11. Nf3 Nxd5 12. Bxd5 cxd5 13. Nd4 Be4 14. Ndb5 Qe5 15. Nxe4 dxe4 16. Bc3 Qc5 17. Bd4 Qc6 18. Nxa7 Rxa7 19. Bxa7 e5 20. 0-0 Be7 21. a4 0-0 22. Qb5 Qc7 23. Rad1 Nf6 24. c4 h6 25. Bb6 Qb8 26. a5 Rc8 27. b4 Kh7 28. Be3 Qc7 29. c5 Rb8 30. Rd2 g5 31. Rfd1 Qc8 32. Qc4 Qg8 33. Rd7 Re8 34. Rxb7 g4 35. h4 g3 36. f3 exf3 37. gxf3 e4 38. Rf1 Qg6 39. fxe4 Qh5 40. e5 Qxe5 41. Qxf7+ Kh8 42. Rxe7 Rxe7 43. Qxf6+ 1-0

[Event "CZE-chT1 East 0506"]
[Site "Czech Republic"]
[Date "2005.12.11"]
[Round "4.8"]
[White "Szotek, Josef"]
[Black "Bina, Josef"]
[Result "0-1"]
[WhiteElo "2020"]
[BlackElo "2133"]
[PlyCount "60"]
[EventDate "2005.10.23"]
[EventType "team"]
[EventRounds "11"]
[EventCountry "CZE"]
[SourceTitle "EXT 2008"]
[Source "ChessBase"]
[SourceDate "2007.11.25"]
[SourceVersion "1"]
[SourceVersionDate "2007.11.25"]
[SourceQuality "1"]

1. e4 d5 2. exd5 Qxd5 3. Nc3 Qa5 4. d4 Nf6 5. Bd2 c6 6. Nf3 Bg4 7. Be2 Nbd7 8. 0-0 e6 9. Re1 Qb6 10. Ne5 Bf5 11. Nxd7 Nxd7 12. Bg4 Bxg4 13. Qxg4 Nf6 14. Qh4 0-0-0 15. Be3 Qxb2 16. Ne4 Be7 17. c4 Qc2 18. Ng5 Rhf8 19. Rec1 Qf5 20. f3 h6 21. Ne4 g5 22. Qf2 Nxe4 23. fxe4 Qxe4 24. d5 exd5 25. cxd5 Qxd5 26. Bxa7 Ba3 27. Rcb1 Rd7 28. Qb6 Re8 29. Rb3 Re2 30. Rg3 Qd1+ 0-1

[Event "CZE-chT1 East 0506"]
[Site "Czech Republic"]
[Date "2005.10.23"]
[Round "1.8"]
[White "Bina, Josef"]
[Black "Misiuga, Andrzej"]
[Result "1/2-1/2"]
[WhiteElo "2133"]
[BlackElo "2198"]
[PlyCount "65"]
[EventDate "2005.10.23"]
[EventType "team"]
[EventRounds "11"]
[EventCountry "CZE"]
[SourceTitle "EXT 2008"]
[Source "ChessBase"]
[SourceDate "2007.11.25"]
[SourceVersion "1"]
[SourceVersionDate "2007.11.25"]
[SourceQuality "1"]

1. e4 d5 2. exd5 Qxd5 3. Nc3 Qd6 4. d4 Nf6 5. Be3 c6 6. Qd2 Bf5 7. Nf3 Nbd7 8. h3 e6 9. Bd3 Bxd3 10. Qxd3 a5 11. 0-0 Be7 12. Rad1 0-0 13. Rfe1 a4 14. Bg5 Rfd8 15. a3 Nf8 16. Ne5 Ng6 17. f4 Nd5 18. Bxe7 Ngxe7 19. Ne4 Qc7 20. Ng5 Ng6 21. Nexf7 Ndxf4 22. Qe4 Rd5 23. Ne5 Qe7 24. Nxg6 Nxg6 25. Qxe6+ Qxe6 26. Nxe6 Re8 27. c3 Rb5 28. Nc5 Rxe1+ 29. Rxe1 Rxb2 30. Nxa4 Rc2 31. Nc5 b6 32. Nd7 b5 33. Re3 1/2-1/2

[Event "Havlickuv Brod op-A"]
[Site "Havlickuv Brod"]
[Date "2005.09.29"]
[Round "6"]
[White "Kozak, Milos"]
[Black "Bina, Josef"]
[Result "1/2-1/2"]
[WhiteElo "2247"]
[BlackElo "2097"]
[PlyCount "75"]
[EventDate "2005.09.24"]
[EventType "swiss"]
[EventRounds "9"]
[EventCountry "CZE"]
[SourceTitle "CBM 108 Extra"]
[Source "ChessBase"]
[SourceDate "2005.11.04"]
[SourceVersion "1"]
[SourceVersionDate "2005.11.04"]
[SourceQuality "1"]

1. d4 d5 2. c4 e6 3. Nf3 Nf6 4. Nc3 Nbd7 5. Bf4 c6 6. e3 Be7 7. h3 0-0 8. Qc2 Re8 9. a3 a5 10. Rd1 Nf8 11. Bd3 dxc4 12. Bxc4 b5 13. Bd3 b4 14. axb4 axb4 15. Na4 Qa5 16. b3 Ba6 17. Ne5 Bxd3 18. Rxd3 Qd5 19. 0-0 Ra6 20. Rc1 Rc8 21. f3 Qb5 22. e4 Ng6 23. Nxg6 hxg6 24. Be3 Rd8 25. Rcd1 Raa8 26. R3d2 Ra6 27. Rc1 Ne8 28. Nc5 Raa8 29. Qc4 Qb6 30. Na4 Qc7 31. Qxc6 Qg3 32. Nb6 Ra7 33. Qc2 Bg5 34. Bxg5 Qxg5 35. Nc4 Nf6 36. Rf1 Nh5 37. Qd3 Nf4 38. Qe3 1/2-1/2

[Event "CZE-chT2d 0304"]
[Site "Czech Republic"]
[Date "2003.??.??"]
[Round "?"]
[White "Fisar, Josef"]
[Black "Bina, Josef"]
[Result "1/2-1/2"]
[WhiteElo "2060"]
[BlackElo "2060"]
[PlyCount "64"]
[EventDate "2003.??.??"]
[EventType "team"]
[EventRounds "11"]
[EventCountry "CZE"]
[SourceTitle "EXT 2007"]
[Source "ChessBase"]
[SourceDate "2006.11.23"]
[SourceVersion "1"]
[SourceVersionDate "2006.11.23"]
[SourceQuality "1"]

1. f4 d5 2. Nf3 g6 3. d4 Bg7 4. e3 Nf6 5. Bd3 0-0 6. 0-0 c5 7. c3 b6 8. Qe2 Bb7 9. Nbd2 e6 10. Ne5 Ne4 11. Ndf3 f6 12. Ng4 Nd7 13. Bd2 Rc8 14. Be1 h5 15. Nf2 f5 16. Nh3 Bf6 17. Ne5 Kg7 18. Rf3 Rh8 19. Rd1 Qe7 20. Kh1 Nd6 21. Rg3 Nf8 22. Ng1 Bh4 23. Rh3 Bxe1 24. Qxe1 Nf7 25. Ngf3 Nxe5 26. Nxe5 Nd7 27. Nf3 Nf6 28. Qh4 Rc7 29. Re1 Ng4 30. Qxe7+ Rxe7 31. Kg1 Rc7 32. Rg3 Kf6 1/2-1/2